Investment promotion Act. B.E. 2520; Vol.94

Gorde:
Xehetasun bibliografikoak
Formatua: Liburua
Hizkuntza:Undetermined
Argitaratua: Government Gazette 1977
Gaiak:
Etiketak: Etiketa erantsi
Etiketarik gabe, Izan zaitez lehena erregistro honi etiketa jartzen!
Thư viện lưu trữ: Trung tâm Học liệu Trường Đại học Cần Thơ
LEADER 00413nam a2200145Ia 4500
001 CTU_84879
008 210402s9999 xx 000 0 und d
082 |a 332.63 
082 |b I.62/Vol.94 
245 0 |a Investment promotion Act. B.E. 2520; Vol.94 
245 0 |c Government Gazette 
260 |a Government Gazette 
260 |c 1977 
650 |a investment 
980 |a Trung tâm Học liệu Trường Đại học Cần Thơ